00325nam a22000977a 4500003000400000008004100004245006800045250004900113260003800162650002700200OSt201217b ||||| |||| 00| 0 eng d aInternational Journal of Information Technology and Engineering a2011(Jan-Jun Vol.2 No.1, Jul-Dec Vol.2 No.2) aNew DelhibResearch Science Press aInformation Technology